| 000 | 00495 a2200169 4500 | ||
|---|---|---|---|
| 999 |
_c7858 _d7858 |
||
| 020 | _a9788120350724 | ||
| 050 | _aHF 5781 KAU 2015 | ||
| 100 |
_aKaul, Asha _eauthor |
||
| 245 |
_aEffective business communication / _cAsha Kaul |
||
| 250 |
_a2nd _bEastern Economy Edition |
||
| 264 |
_aNew Delhi: _bPHI Learning Private Limited, _c2015. |
||
| 300 | _a235p. : | ||
| 500 | _aIncludes index | ||
| 650 | _aBusiness communication | ||
| 650 | _aBusiness writing | ||
| 942 |
_2lcc _cBK _e2nd _h5718 _iKAU _kHF |
||